000
00273nam a2200097Ia 4500
082
_a
616.143 CAMP
245
0
_a
Understanding varicose veins
100
_a
CAMPBELL, Bruce Poole, Dorset, 2003
_9
96530
942
_c
BK
008
210817s9999 xx 000 0 und d
999
_c
405878
_d
405877